00459nam a2200157Ia 450000500170000000800410001702000150005808200130007310000140008624500210010026000410012130000190016294200060018195200990018799900150028620250430025134.0240331s9999 xx 000 0 und d a9552048540 bRAMa891 aRamlane,P 0aGigiri wale kavi aColombo bS. Godake & Brothersc2001 a84 p ., ( C 2) cL 001040708LaWERCLbWERCLcSSCd2024-03-31l0o 894.811 RAMp6191r2024-03-31w2024-03-31yL c5629d5629